[Event "Cesenatico op 22nd"]
[Site "Cesenatico"]
[Date "2018.09.03"]
[Round "3"]
[White "Gaiba, Paolo"]
[Black "Corvi, Marco"]
[Result "0-1"]
[WhiteElo "1979"]
[BlackElo "2282"]
[PlyCount "32"]
[EventDate "2018.09.01"]
[EventType "swiss"]
[EventRounds "9"]
[EventCountry "ITA"]
[SourceTitle "CBM 186 Extra"]
[Source "ChessBase"]
[SourceDate "2018.08.24"]
[SourceVersion "1"]
[SourceVersionDate "2018.08.24"]
[SourceQuality "1"]

1. e4 c5 2. d4 cxd4 3. c3 Nf6 4. e5 Nd5 5. Qxd4 e6 6. Nf3 Nc6 7. Qe4 f5 8. exf6 Nxf6 9. Qh4 d5 10. Bd3 Be7 11. Bg6+ Kf8 12. Bc2 e5 13. Bg5 e4 14. Nfd2 h6 15. Bb3 Ne5 16. Bc2 Ng6 0-1

[Event "Cesenatico op 14th"]
[Site "Cesenatico"]
[Date "2010.08.30"]
[Round "1"]
[White "Friedrich, Norbert"]
[Black "Gaiba, Paolo"]
[Result "1-0"]
[WhiteElo "2300"]
[BlackElo "2051"]
[PlyCount "77"]
[EventDate "2010.08.30"]
[EventType "swiss"]
[EventRounds "9"]
[EventCountry "ITA"]
[SourceTitle "CBM 138 Extra"]
[Source "ChessBase"]
[SourceDate "2010.10.29"]
[SourceVersion "1"]
[SourceVersionDate "2010.10.29"]
[SourceQuality "1"]

1. e4 e5 2. Nf3 Nc6 3. Bb5 Bc5 4. 0-0 Nge7 5. c3 a6 6. Ba4 0-0 7. d4 exd4 8. cxd4 Ba7 9. d5 b5 10. Bc2 Na5 11. e5 d6 12. e6 fxe6 13. Ng5 g6 14. dxe6 Nf5 15. Nc3 c6 16. Nf7 Rxf7 17. exf7+ Kxf7 18. Ne4 d5 19. Bg5 Qc7 20. Nc3 Qd6 21. Qf3 Kg8 22. Rae1 Be6 23. Bxf5 Bxf5 24. Re7 h6 25. Bh4 g5 26. Rfe1 Qg6 27. Bg3 Bc5 28. Nxd5 Rf8 29. Qc3 Nc4 30. b4 Bxf2+ 31. Bxf2 cxd5 32. Bd4 Rf7 33. Re8+ Rf8 34. R8e7 Rf7 35. Re8+ Rf8 36. Rxf8+ Kxf8 37. Qf3 Qf7 38. Rf1 Be6 39. Qh5 1-0

[Event "Cesenatico op"]
[Site "Cesenatico"]
[Date "2007.09.02"]
[Round "2"]
[White "Hess, Christian"]
[Black "Gaiba, Paolo"]
[Result "0-1"]
[WhiteElo "2303"]
[BlackElo "2140"]
[PlyCount "84"]
[EventDate "2007.09.01"]
[EventType "swiss"]
[EventRounds "7"]
[EventCountry "ITA"]
[SourceTitle "CBM 120 Extra"]
[Source "ChessBase"]
[SourceDate "2007.11.01"]
[SourceVersion "1"]
[SourceVersionDate "2007.11.01"]
[SourceQuality "1"]

1. Nf3 c5 2. c4 Nc6 3. Nc3 Nf6 4. e3 g6 5. d4 b6 6. d5 Nb8 7. e4 d6 8. h3 Bg7 9. Be2 0-0 10. 0-0 Na6 11. Bf4 Nd7 12. Qd2 Re8 13. Bh6 Bh8 14. Ng5 Nc7 15. a4 a5 16. Rac1 Ba6 17. b3 Bb7 18. Kh1 f6 19. Nf3 Nf8 20. Rcd1 Bg7 21. Rfe1 g5 22. Bxg7 Kxg7 23. h4 h6 24. hxg5 hxg5 25. Nxg5 Ng6 26. Nf3 Rh8+ 27. Kg1 Rh6 28. g3 Qd7 29. Bf1 Qg4 30. Bg2 Rah8 31. Qe3 Bc8 32. Ne2 Qh5 33. Nf4 Nxf4 34. Qxf4 Bg4 35. Nh4 Bxd1 36. Nf5+ Kf7 37. Nxh6+ Rxh6 38. e5 dxe5 39. Qd2 Bxb3 40. d6 Qh2+ 41. Kf1 Bxc4+ 42. Re2 exd6 0-1

[Event "Cesenatico op 5th"]
[Site "Cesenatico"]
[Date "2000.09.06"]
[Round "5"]
[White "Gaiba, Paolo"]
[Black "Lagrotteria, Salvatore"]
[Result "1/2-1/2"]
[WhiteElo "2163"]
[BlackElo "2201"]
[PlyCount "95"]
[EventDate "2000.09.03"]
[EventType "swiss"]
[EventRounds "9"]
[EventCountry "ITA"]
[SourceTitle "CBM 078 Extra"]
[Source "ChessBase"]
[SourceDate "2000.11.10"]
[SourceVersion "1"]
[SourceVersionDate "2000.11.10"]
[SourceQuality "1"]

1. e4 c5 2. d4 cxd4 3. c3 dxc3 4. Nxc3 e6 5. Bc4 d6 6. Nf3 Nc6 7. a3 a6 8. Be3 Nf6 9. h3 Be7 10. Ba2 0-0 11. 0-0 b5 12. b4 Bd7 13. Qd2 Qc7 14. Rac1 Qb7 15. Bb1 Rfd8 16. Bf4 Be8 17. Rfd1 Ne5 18. Bxe5 dxe5 19. Qe3 Rxd1+ 20. Rxd1 Nd7 21. Ne2 f6 22. Qb3 Bf7 23. Ng3 g6 24. Nh2 f5 25. Ba2 Rf8 26. Nf3 f4 27. Ne2 Bf6 28. Nc1 Nb6 29. Nd3 Qxe4 30. Re1 Qb7 31. Nfxe5 Bxe5 32. Nxe5 Nd5 33. Qb2 h5 34. Bb1 f3 35. Nxf3 Rc8 36. Be4 Qc7 37. Qd2 Qc3 38. Qh6 Qg7 39. Qg5 Kh8 40. Ne5 Rg8 41. Rc1 Be8 42. Bc2 Rf8 43. Nxg6+ Bxg6 44. Qxg6 Qxg6 45. Bxg6 Nf4 46. Rc6 Nxg6 47. Rxe6 Kg7 48. Rxa6 1/2-1/2

[Event "Cesenatico op 5th"]
[Site "Cesenatico"]
[Date "2000.09.04"]
[Round "3"]
[White "Gaiba, Paolo"]
[Black "Andreazza, Attilio"]
[Result "1/2-1/2"]
[WhiteElo "2163"]
[BlackElo "2055"]
[PlyCount "155"]
[EventDate "2000.09.03"]
[EventType "swiss"]
[EventRounds "9"]
[EventCountry "ITA"]
[SourceTitle "CBM 078 Extra"]
[Source "ChessBase"]
[SourceDate "2000.11.10"]
[SourceVersion "1"]
[SourceVersionDate "2000.11.10"]
[SourceQuality "1"]

1. e4 c6 2. d4 d5 3. exd5 cxd5 4. Nf3 Nf6 5. Bd3 Bg4 6. 0-0 e6 7. Nbd2 Nc6 8. c3 Bh5 9. Re1 Be7 10. Nf1 0-0 11. Bf4 a6 12. Ng3 Bg6 13. Bxg6 hxg6 14. Qd3 Nd7 15. Re2 Re8 16. Rae1 Nf8 17. h3 b5 18. a3 Bf6 19. Nf1 Na5 20. Ne3 Nc4 21. Bh2 Nxe3 22. fxe3 Qb6 23. e4 dxe4 24. Rxe4 a5 25. Be5 Nd7 26. Kh1 b4 27. axb4 axb4 28. c4 Bxe5 29. Nxe5 Nxe5 30. Rxe5 Red8 31. Rd1 Qc7 32. Rb5 Rab8 33. Rxb8 Qxb8 34. b3 Qd6 35. c5 Qd5 36. Rc1 e5 37. Rc4 exd4 38. c6 Rc8 39. c7 Qd6 40. Qxd4 Qxd4 41. Rxd4 Rxc7 42. Rxb4 Kf8 43. Rb8+ Ke7 44. Kh2 Kd6 45. b4 Rd7 46. Kg3 Kc6 47. Kf4 f6 48. Ke3 Kc7 49. Rb5 Kc6 50. Rb8 Kc7 51. Rb5 Kc6 52. Rc5+ Kb6 53. Ke4 Rd2 54. Kf3 Rd4 55. Rc8 Rxb4 56. Rg8 Kc5 57. Rxg7 g5 58. Re7 f5 59. Rg7 Rb3+ 60. Kf2 g4 61. hxg4 fxg4 62. Rxg4 Kd5 63. Rf4 Ke5 64. Rf8 Ra3 65. g3 Ra6 66. Kf3 Rg6 67. g4 Rf6+ 68. Rxf6 Kxf6 69. Kf4 Kg6 70. g5 Kg7 71. Kg4 Kg6 72. Kf4 Kg7 73. Kf5 Kf7 74. g6+ Kg7 75. Kg5 Kg8 76. Kg4 Kg7 77. Kf5 Kg8 78. Kf6 1/2-1/2

[Event "Cesenatico op 4th"]
[Site "Cesenatico"]
[Date "1999.??.??"]
[Round "3"]
[White "Gaiba, Paolo"]
[Black "Ciolac, Gheorghe"]
[Result "1/2-1/2"]
[WhiteElo "2149"]
[BlackElo "2389"]
[PlyCount "76"]
[EventDate "1999.??.??"]
[EventType "swiss"]
[EventRounds "9"]
[EventCountry "ITA"]
[SourceTitle "EXT 2000"]
[Source "ChessBase"]
[SourceDate "1999.11.16"]
[SourceVersion "1"]
[SourceVersionDate "1999.11.16"]
[SourceQuality "1"]

1. e4 d5 2. Nc3 d4 3. Nce2 e5 4. Ng3 Be6 5. Nf3 f6 6. Bd3 Ne7 7. h3 Nbc6 8. a3 Qd7 9. Qe2 g6 10. Bc4 Bg7 11. Bxe6 Qxe6 12. d3 0-0-0 13. 0-0 h5 14. Nh4 Rdg8 15. b4 Nd8 16. b5 Qd7 17. a4 Ne6 18. Ba3 Nf4 19. Qf3 Bf8 20. Ne2 g5 21. Nxf4 exf4 22. Bxe7 Bxe7 23. Nf5 Bb4 24. a5 Bc3 25. Ra2 Re8 26. Rb1 Re5 27. b6 a6 28. bxc7 Kxc7 29. Rb6 Re6 30. Rb1 Kb8 31. Ra3 Re5 32. Rb6 Bxa5 33. Rd6 Qc7 34. Rxd4 Qxc2 35. Rc4 Qb1+ 36. Kh2 Bb4 37. d4 Rb5 38. Rd3 Qa2 1/2-1/2

[Event "Cesenatico op 4th"]
[Site "Cesenatico"]
[Date "1999.??.??"]
[Round "6"]
[White "Gaiba, Paolo"]
[Black "Fuellgrabe, Thomas"]
[Result "0-1"]
[WhiteElo "2149"]
[BlackElo "2197"]
[PlyCount "80"]
[EventDate "1999.??.??"]
[EventType "swiss"]
[EventRounds "9"]
[EventCountry "ITA"]
[SourceTitle "EXT 2000"]
[Source "ChessBase"]
[SourceDate "1999.11.16"]
[SourceVersion "1"]
[SourceVersionDate "1999.11.16"]
[SourceQuality "1"]

1. e4 c5 2. d4 cxd4 3. c3 dxc3 4. Nxc3 Nc6 5. Nf3 d6 6. Bc4 a6 7. Bg5 Nf6 8. 0-0 Bg4 9. e5 dxe5 10. Qb3 e6 11. Bxf6 gxf6 12. Qxb7 Bxf3 13. gxf3 Na5 14. Qe4 f5 15. Qe2 Bh6 16. Bxa6 Bf4 17. Qb5+ Kf8 18. Ne2 Rg8+ 19. Kh1 Bxh2 20. Qc5+ Kg7 21. Kxh2 Qh4+ 22. Kg2 Kf6+ 23. Ng3 f4 24. Rh1 Rxg3+ 25. fxg3 Qxg3+ 26. Kf1 Qxf3+ 27. Qf2 Qxh1+ 28. Ke2 Qxa1 29. Qh4+ Kg7 30. Qg5+ Kf8 31. Qxe5 Qg1 32. Qxa5 Qg2+ 33. Ke1 f3 34. Qb4+ Kg8 35. Bf1 Qg3+ 36. Kd1 Rd8+ 37. Kc1 Qc7+ 38. Bc4 f2 39. Qc3 Qf4+ 40. Kc2 f1Q 0-1

[Event "Cesenatico op 3rd"]
[Site "Cesenatico"]
[Date "1998.??.??"]
[Round "3"]
[White "Drazic, Sinisa"]
[Black "Gaiba, Paolo"]
[Result "1-0"]
[WhiteElo "2515"]
[BlackElo "2125"]
[PlyCount "45"]
[EventDate "1998.??.??"]
[EventType "swiss"]
[EventRounds "9"]
[EventCountry "ITA"]
[SourceTitle "EXT 2000"]
[Source "ChessBase"]
[SourceDate "1999.11.16"]
[SourceVersion "1"]
[SourceVersionDate "1999.11.16"]
[SourceQuality "1"]

1. c4 e5 2. Nc3 f5 3. d4 e4 4. Nh3 Nf6 5. g3 c6 6. Bg2 d5 7. cxd5 Nxd5 8. 0-0 Be6 9. f3 Bb4 10. Nxd5 cxd5 11. Qb3 Qb6 12. Be3 Nc6 13. Nf4 Ne5 14. Qa4+ Bd7 15. Qd1 Qd6 16. a3 Nc4 17. Bc1 Ba5 18. b3 Bc3 19. bxc4 Bxa1 20. Nxd5 0-0 21. Bf4 Bxd4+ 22. Qxd4 Qxa3 23. Ra1 1-0

[Event "Cesenatico op 3rd"]
[Site "Cesenatico"]
[Date "1998.??.??"]
[Round "9"]
[White "Gaiba, Paolo"]
[Black "Ortega, Lexy"]
[Result "0-1"]
[WhiteElo "2125"]
[BlackElo "2475"]
[PlyCount "59"]
[EventDate "1998.??.??"]
[EventType "swiss"]
[EventRounds "9"]
[EventCountry "ITA"]
[SourceTitle "EXT 2000"]
[Source "ChessBase"]
[SourceDate "1999.11.16"]
[SourceVersion "1"]
[SourceVersionDate "1999.11.16"]
[SourceQuality "1"]

1. e4 c5 2. d4 cxd4 3. c3 Nf6 4. e5 Nd5 5. Bc4 Qc7 6. Qe2 Nb6 7. Bd3 Nc6 8. Nf3 d5 9. h3 e6 10. 0-0 dxc3 11. Nxc3 a6 12. Bf4 Be7 13. Rac1 Bd7 14. a4 Qd8 15. Bb1 Rc8 16. Rfd1 Nb4 17. Nd4 Nxa4 18. Qg4 g6 19. Nxa4 Bxa4 20. Nxe6 Bxd1 21. Ng7+ Kf8 22. Qxc8 Qxc8 23. Rxc8+ Kxg7 24. Bh6+ Kxh6 25. Rxh8 Nc6 26. Re8 Ba4 27. Ba2 d4 28. Kf1 d3 29. b3 d2 30. Ke2 0-1

[Event "Cesenatico op 3rd"]
[Site "Cesenatico"]
[Date "1998.??.??"]
[Round "8"]
[White "Yeuillaz, Corrado"]
[Black "Gaiba, Paolo"]
[Result "1/2-1/2"]
[WhiteElo "2250"]
[BlackElo "2125"]
[PlyCount "83"]
[EventDate "1998.??.??"]
[EventType "swiss"]
[EventRounds "9"]
[EventCountry "ITA"]
[SourceTitle "EXT 2000"]
[Source "ChessBase"]
[SourceDate "1999.11.16"]
[SourceVersion "1"]
[SourceVersionDate "1999.11.16"]
[SourceQuality "1"]

1. e4 e5 2. Nf3 Nc6 3. Bb5 Bc5 4. 0-0 Nge7 5. c3 a6 6. Ba4 d6 7. d4 exd4 8. cxd4 Ba7 9. d5 b5 10. dxc6 bxa4 11. Qxa4 Bg4 12. Nd4 0-0 13. Nc3 Bxd4 14. Qxd4 Nxc6 15. Qd2 Qd7 16. b3 Rfe8 17. Bb2 f6 18. Rac1 Ra7 19. f3 Be6 20. Rfd1 Ne7 21. Ne2 Rd8 22. Nf4 Bf7 23. Qc3 Qb5 24. Qe3 Rb7 25. Rd2 a5 26. Ne2 Qe8 27. Nc3 h6 28. Re1 Nc6 29. f4 Rbb8 30. Qg3 Ne7 31. Nd5 Bxd5 32. Bxf6 Qf7 33. Bxe7 Qxe7 34. Rxd5 a4 35. e5 Qe6 36. Red1 axb3 37. axb3 Rf8 38. exd6 cxd6 39. h3 Rb4 40. R1d4 Rb6 41. b4 Rxb4 42. Rxd6 1/2-1/2